स्त्रीजातक (Record no. 471305)
[ view plain ]
| 000 -LEADER | |
|---|---|
| fixed length control field | 00477nam a2200145Ia 4500 |
| 008 - FIXED-LENGTH DATA ELEMENTS--GENERAL INFORMATION | |
| fixed length control field | 100204s9999 xx 000 0 und d |
| 082 ## - DEWEY DECIMAL CLASSIFICATION NUMBER | |
| Item number | 26124 |
| 100 ## - MAIN ENTRY--PERSONAL NAME | |
| Personal name | सप्रे मधुवंती |
| 245 ## - TITLE STATEMENT | |
| Title | स्त्रीजातक |
| 260 ## - PUBLICATION, DISTRIBUTION, ETC. (IMPRINT) | |
| Name of publisher, distributor, etc | "क्रांतीवैभव प्रकाशन, सांगली" |
| Date of publication, distribution, etc | 2004 |
| 300 ## - PHYSICAL DESCRIPTION | |
| Extent | 206 |
| 630 ## - SUBJECT ADDED ENTRY--UNIFORM TITLE | |
| Uniform title | स्त्रीजातक |
| 730 ## - ADDED ENTRY--UNIFORM TITLE | |
| Uniform title | स्त्रीजातक |
| 942 ## - ADDED ENTRY ELEMENTS (KOHA) | |
| Koha item type | Book |
| Withdrawn status | Lost status | Damaged status | Not for loan | Home library | Current library | Date acquired | Cost, normal purchase price | Total Checkouts | Full call number | Barcode | Date last seen | Cost, replacement price | Price effective from | Koha item type |
|---|---|---|---|---|---|---|---|---|---|---|---|---|---|---|
| N. C. Kelkar Sarvajanik Library, Mulund | N. C. Kelkar Sarvajanik Library, Mulund | 04/07/2004 | 200.00 | 26124 | NCKMULUND-26124 | 02/04/2010 | 200.00 | 02/04/2010 | Book |